<?xml version="1.0" encoding="UTF-8"?>
<collection xmlns="http://www.loc.gov/MARC21/slim">
<record>
  <controlfield tag="001">6159</controlfield>
  <controlfield tag="005">20230123210615.0</controlfield>
  <datafield tag="024" ind1="7" ind2=" ">
    <subfield code="a">10.1051/0004-6361/202244245</subfield>
    <subfield code="2">DOI</subfield>
  </datafield>
  <datafield tag="037" ind1=" " ind2=" ">
    <subfield code="a">SCART-2023-0084</subfield>
  </datafield>
  <datafield tag="100" ind1=" " ind2=" ">
    <subfield code="a">Shenar, T.  </subfield>
  </datafield>
  <datafield tag="245" ind1=" " ind2=" ">
    <subfield code="a">The Tarantula Massive Binary Monitoring. VI. Characterisation of hidden companions in 51 single-lined O-type binaries: A flat mass-ratio distribution and black-hole binary candidates</subfield>
  </datafield>
  <datafield tag="260" ind1=" " ind2=" ">
    <subfield code="c">2022</subfield>
  </datafield>
  <datafield tag="520" ind1=" " ind2=" ">
    <subfield code="a">Context. Massive binaries hosting a black hole (OB+BH) represent a critical phase in the production of BH mergers in the context of binary evolution. In spite of this, such systems have so far largely avoided detection. Single-lined spectroscopic (SB1) O-type binaries are ideal objects to search for elusive BH companions. Moreover, SB1 binaries hosting two main sequence stars probe a regime of more extreme mass ratios and longer periods compared to double-lined binaries (SB2), and they are thus valuable for establishing the natal mass ratio distribution of massive stars.  Aims: We characterise the hidden companions in 51 SB1 O-type and evolved B-type binaries identified in the Large Magellanic Cloud (LMC) in the framework of the VLT-FLAMES Tarantula Survey (VFTS) and its follow-up, the Tarantula Massive Binary Monitoring (TMBM). The binaries cover periods between a few days to years (0 &lt; log P &lt; 3 [d]). Our goals are to hunt for BHs and sample the low-mass end of the mass-ratio distribution.  Methods: To uncover the hidden companions, we implemented the shift-and-add grid disentangling algorithm using 32 epochs of spectroscopy acquired in the framework of TMBM with the FLAMES spectrograph, allowing us to detect companions contributing as little as ≈1-2% to the visual flux. We further analysed OGLE photometric data for the presence of eclipses or ellipsoidal variations.  Results: Out of the 51 SB1 systems, 43 (84%) are found to have non-degenerate stellar companions, of which 28 are confident detections and 15 are less certain (SB1: or SB2:). Of these 43 targets, one is found to be a triple (VFTS 64), and two are found to be quadruples (VFTS 120, 702). Our sample includes a total of eight eclipsing binaries. The remaining eight targets (16%) retain an SB1 classification. We modelled the mass-ratio distribution as f (q) ∝ qκ, and derived K through a Bayesian approach. We used massratio constraints from previously known SB2 binaries, newly uncovered SB2 binaries, and SB1 binaries, while accounting for binary detection bias. We found K = 0.2 ± 0.2 for the entire sample and κ = −0.2 ± 0.2 when excluding binaries with periods shorter than 10 d. In contrast, K = 1.2 ± 0.5 was retrieved for tight binaries (P &lt; 10 d), and it is proposed here to be a consequence of binary interactions. Aside from the unambiguous O+BH binary VFTS 243, which was analysed in detail in a separate paper, we identified two additional OB+BH candidates: VFTS 514 and 779.  Conclusions: Our study firmly establishes a virtually flat natal mass-ratio distribution (κ = 0) for O-type stars at LMC metallicity, covering the entire mass-ratio range (0.05 &lt; q &lt; 1) and periods in the range 0 &lt; log P &lt; 3 [d]. The nature of the OB+BH candidates should be verified through future monitoring, but the frequency of OB+BH candidates is generally in line with recent predictions at LMC metallicity.</subfield>
  </datafield>
  <datafield tag="594" ind1=" " ind2=" ">
    <subfield code="a">NO</subfield>
  </datafield>
  <datafield tag="700" ind1=" " ind2=" ">
    <subfield code="a">Sana, H. </subfield>
  </datafield>
  <datafield tag="700" ind1=" " ind2=" ">
    <subfield code="a">Mahy, L. </subfield>
  </datafield>
  <datafield tag="700" ind1=" " ind2=" ">
    <subfield code="a">Maíz Apellániz, J. </subfield>
  </datafield>
  <datafield tag="700" ind1=" " ind2=" ">
    <subfield code="a">Crowther, Paul A. </subfield>
  </datafield>
  <datafield tag="700" ind1=" " ind2=" ">
    <subfield code="a">Gromadzki, M.  </subfield>
  </datafield>
  <datafield tag="700" ind1=" " ind2=" ">
    <subfield code="a">Herrero, A.</subfield>
  </datafield>
  <datafield tag="700" ind1=" " ind2=" ">
    <subfield code="a">Langer, N. </subfield>
  </datafield>
  <datafield tag="700" ind1=" " ind2=" ">
    <subfield code="a">Marchant, P. </subfield>
  </datafield>
  <datafield tag="700" ind1=" " ind2=" ">
    <subfield code="a">Schneider, F. R. N. </subfield>
  </datafield>
  <datafield tag="700" ind1=" " ind2=" ">
    <subfield code="a">Sen, K. </subfield>
  </datafield>
  <datafield tag="700" ind1=" " ind2=" ">
    <subfield code="a">Soszyński, I. </subfield>
  </datafield>
  <datafield tag="700" ind1=" " ind2=" ">
    <subfield code="a">Toonen, S.</subfield>
  </datafield>
  <datafield tag="773" ind1=" " ind2=" ">
    <subfield code="p">Astronomy &amp; Astrophysics</subfield>
    <subfield code="v">665</subfield>
    <subfield code="y">2022</subfield>
    <subfield code="n">A148</subfield>
    <subfield code="c">42</subfield>
  </datafield>
  <datafield tag="856" ind1="0" ind2=" ">
    <subfield code="f">laurent.mahy@ksb-orb.be</subfield>
  </datafield>
  <datafield tag="856" ind1="4" ind2=" ">
    <subfield code="s">5686205</subfield>
    <subfield code="u">http://publi2-as.oma.be/record/6159/files/Shenar_2022_aa44245-22.pdf</subfield>
  </datafield>
  <datafield tag="856" ind1="4" ind2=" ">
    <subfield code="s">3323</subfield>
    <subfield code="u">http://publi2-as.oma.be/record/6159/files/Shenar_2022_aa44245-22.gif?subformat=icon</subfield>
    <subfield code="x">icon</subfield>
  </datafield>
  <datafield tag="856" ind1="4" ind2=" ">
    <subfield code="s">5563</subfield>
    <subfield code="u">http://publi2-as.oma.be/record/6159/files/Shenar_2022_aa44245-22.jpg?subformat=icon-180</subfield>
    <subfield code="x">icon-180</subfield>
  </datafield>
  <datafield tag="905" ind1=" " ind2=" ">
    <subfield code="a">published in</subfield>
  </datafield>
  <datafield tag="980" ind1=" " ind2=" ">
    <subfield code="a">REFERD</subfield>
  </datafield>
</record>
</collection>